000 00514nam a2200181Ia 4500
008 240925s9999 xx 000 0 und d
020 _a9780070585157
082 _a621.319 GRA
100 _aGrainger, John J.; Stevenson, William D.
245 0 _aPower System Analysis
250 _aNA
260 _aNew Delhi:
_bMcGraw Hill Education (India) Private Limited
_c,2016.
300 _axxv,391p.
_b0
_fPhotocopy
500 _aIncludes Index
600 _aPower Engineering
650 _aTechnology
942 _cBK
999 _c13632
_d13632